Numerical methods (Record no. 20682)

MARC details
000 -LEADER
fixed length control field 00535 a2200217 4500
001 - CONTROL NUMBER
control field 140071
003 - CONTROL NUMBER IDENTIFIER
control field OSt
005 - DATE AND TIME OF LATEST TRANSACTION
control field 20260120174018.0
008 - FIXED-LENGTH DATA ELEMENTS--GENERAL INFORMATION
fixed length control field
020 ## - INTERNATIONAL STANDARD BOOK NUMBER
International Standard Book Number 9781259062582
082 ## - DEWEY DECIMAL CLASSIFICATION NUMBER
Classification number 518
Item number D53N
100 1# - MAIN ENTRY--PERSONAL NAME
Personal name Dey, Sukhendu
245 1# - TITLE STATEMENT
Title Numerical methods
Statement of responsibility, etc by Sukhendu Dey and Shishir Gupta
260 ## - PUBLICATION, DISTRIBUTION, ETC. (IMPRINT)
Place of publication, distribution, etc New Delhi
Name of publisher, distributor, etc McGraw Hill
Date of publication, distribution, etc 2013
300 ## - PHYSICAL DESCRIPTION
Extent 570p.
546 ## - LANGUAGE NOTE
Language note english
650 ## - SUBJECT ADDED ENTRY--TOPICAL TERM
Topical term or geographic name as entry element Mathematics
653 ## - INDEX TERM--UNCONTROLLED
Uncontrolled term Numerical methods
700 ## - ADDED ENTRY--PERSONAL NAME
Personal name Gupta, Shishir
942 ## - ADDED ENTRY ELEMENTS (KOHA)
Source of classification or shelving scheme Dewey Decimal Classification
Koha item type Books
Holdings
Withdrawn status Lost status Source of classification or shelving scheme Damaged status Not for loan Collection code Home library Current library Department Date acquired Source of acquisition Cost, normal purchase price Inventory number(Invoice/Date) Total Checkouts Full call number Barcode Date last seen Price effective from Koha item type Total Renewals Date checked out
    Dewey Decimal Classification     Reserve Text Book Central University Of Rajasthan Central University Of Rajasthan Mathematics 12/03/2014 Pranay Books 375.00 177/27.09.13   518 D53N 15943 21/11/2024 02/09/2020 Books    
    Dewey Decimal Classification     General Text Book Central University Of Rajasthan Central University Of Rajasthan Mathematics 12/03/2014 Pranay Books 375.00 177/27.09.13   518 D53N 15940 02/09/2020 02/09/2020 Books    
    Dewey Decimal Classification     General Text Book Central University Of Rajasthan Central University Of Rajasthan Mathematics 12/03/2014 Pranay Books 375.00 177/27.09.13 25 518 D53N 15941 05/06/2026 02/09/2020 Books 1 29/05/2026
    Dewey Decimal Classification     General Text Book Central University Of Rajasthan Central University Of Rajasthan Mathematics 12/03/2014 Pranay Books 375.00 177/27.09.13 26 518 D53N 15942 05/06/2026 02/09/2020 Books   29/05/2026